| 000 | 00743cab a2200241 4500 | ||
|---|---|---|---|
| 001 | ABS53486 | ||
| 008 | 090401t1995 xxu||||| |||| 00| 0 eng d | ||
| 035 | _a(Sirsi) u4629 | ||
| 041 | _aeng | ||
| 100 | _aBirkbeck, D. | ||
| 245 | _aMove on up | ||
| 260 | _c1995 | ||
| 350 | _a0 | ||
| 490 |
_aBuilding _v260(7903) 4 August 1995, 18-20(3) |
||
| 520 | _aWith September traditionally the bumper month for job vacancies, this article looks at revising a CV, focused applications and how headhunters operate. | ||
| 650 | _aCURRICULUM VITAE | ||
| 650 | _aEMPLOYMENT | ||
| 650 | _aJOB APPLICATIONS | ||
| 690 | _aECONOMIC AND SOCIAL | ||
| 690 | _aMANAGEMENT-BUSINESS MANAGEMENT-PROFESSIONAL PRACTICE | ||
| 942 | _n0 | ||
| 948 | _c04/03/1997 | ||
| 999 |
_c2804 _d2804 |
||